000 00771nam a2200217 a 4500
001 000040577
005 20201002034227.0
008 130902s2011 sp 001 0 spa d
020 _a9788475096698
040 _aDO-SdBNP
_bspa
_cBNPHU
100 1 _aRorty, Richard
_966910
245 1 0 _aContingencia, ironía y solidaridad /
_cRichard Rorty ; traducción de Alfredo Eduardo Sinnot ; revisión técnica de Jorge Vigil.
260 _aMadrid :
_bPaidós,
_c2011.
300 _a222 p. ;
_c23 cm.
490 1 _aPaidós Básica
_v54
500 _aQuinta reimpresión 2011
504 _aIncluye referencias bibliográficas y notas al pie de las páginas
700 1 _aSinnot, Alfredo Eduardo
_966911
700 1 _aVigil, Jorge
_966912
830 0 _aPaidós Básica
_v54
_966913
999 _c40067
_d40067